Chat GPT trào lưu hay tương lai nhân loại?
Quyển sách này cung cấp một nguồn tài nguyên toàn diện, dễ hiểu cho những độc giả có hứng thú với Chat GPT, giúp bạn đọc hiểu rõ hơn về ý nghĩa và tác động của công nghệ trí tuệ nhân tạo.
保存先:
| 第一著者: | |
|---|---|
| その他の著者: | |
| フォーマット: | 図書 |
| 言語: | Vietnamese |
| 出版事項: |
H.
Hồng Đức
2023
|
| 主題: | |
| タグ: |
タグ追加
タグなし, このレコードへの初めてのタグを付けませんか!
|
| Thư viện lưu trữ: | Thư viện Trường Đại học Nam Cần Thơ |
|---|
| LEADER | 03315nam a22003737a 4500 | ||
|---|---|---|---|
| 001 | NCT_4_009197 | ||
| 008 | 240617b xxu||||| |||| 00| 0 vie d | ||
| 999 | |c 8402 |d 8402 | ||
| 020 | |a 9786044761350 |c 148000 | ||
| 082 | |2 23rd ed. |a 006.3 |b Q531 | ||
| 100 | 1 | |a Lưu Quỳnh | |
| 245 | 1 | 0 | |a Chat GPT trào lưu hay tương lai nhân loại? |c Lưu Quỳnh; Vũ Thị Lan Anh (dịch) |
| 260 | |a H. |b Hồng Đức |c 2023 | ||
| 300 | |a 175 tr. |b Minh họa |c 24cm | ||
| 520 | 3 | |a Quyển sách này cung cấp một nguồn tài nguyên toàn diện, dễ hiểu cho những độc giả có hứng thú với Chat GPT, giúp bạn đọc hiểu rõ hơn về ý nghĩa và tác động của công nghệ trí tuệ nhân tạo. | |
| 653 | |a Công nghệ thông tin | ||
| 700 | 1 | |a Vũ Thị Lan Anh |e Dịch | |
| 942 | |2 ddc |c BK | ||
| 952 | |0 0 |1 0 |2 ddc |4 0 |6 006_300000000000000_Q531 |7 0 |9 29000 |a 000001 |b 000001 |d 2024-06-17 |o 006.3 Q531 |p MD.22451 |r 2024-06-17 |v 148000.00 |w 2024-06-17 |y BK | ||
| 952 | |0 0 |1 0 |2 ddc |4 0 |6 006_300000000000000_Q531 |7 0 |9 29002 |a 000001 |b 000001 |d 2024-06-17 |o 006.3 Q531 |p MD.22452 |r 2024-06-17 |v 148000.00 |w 2024-06-17 |y BK | ||
| 952 | |0 0 |1 0 |2 ddc |4 0 |6 006_300000000000000_Q531 |7 0 |9 29003 |a 000001 |b 000001 |d 2024-06-17 |l 1 |o 006.3 Q531 |p MD.22453 |r 2024-10-23 |s 2024-10-11 |v 148000.00 |w 2024-06-17 |y BK | ||
| 952 | |0 0 |1 0 |2 ddc |4 0 |6 006_300000000000000_Q531 |7 0 |9 29004 |a 000001 |b 000001 |d 2024-06-17 |l 2 |m 1 |o 006.3 Q531 |p MD.22454 |r 2024-10-28 |s 2024-10-11 |v 148000.00 |w 2024-06-17 |y BK | ||
| 952 | |0 0 |1 0 |2 ddc |4 0 |6 006_300000000000000_Q531 |7 0 |9 29005 |a 000001 |b 000001 |d 2024-06-17 |l 1 |o 006.3 Q531 |p MD.22455 |r 2024-09-21 |s 2024-09-10 |v 148000.00 |w 2024-06-17 |y BK | ||
| 952 | |0 0 |1 0 |2 ddc |4 0 |6 006_300000000000000_Q531 |7 0 |9 30499 |a 000001 |b 000001 |d 2025-04-02 |o 006.3 Q531 |p MD.23570 |r 2025-04-02 |v 148000.00 |w 2025-04-02 |y BK | ||
| 952 | |0 0 |1 0 |2 ddc |4 0 |6 006_300000000000000_Q531 |7 0 |9 30500 |a 000001 |b 000001 |d 2025-04-02 |o 006.3 Q531 |p MD.23571 |r 2025-04-02 |v 148000.00 |w 2025-04-02 |y BK | ||
| 952 | |0 0 |1 0 |2 ddc |4 0 |6 006_300000000000000_Q531 |7 0 |9 30501 |a 000001 |b 000001 |d 2025-04-02 |o 006.3 Q531 |p MD.23572 |r 2025-04-02 |v 148000.00 |w 2025-04-02 |y BK | ||
| 952 | |0 0 |1 0 |2 ddc |4 0 |6 006_300000000000000_Q531 |7 0 |9 30502 |a 000001 |b 000001 |d 2025-04-02 |l 1 |m 1 |o 006.3 Q531 |p MD.23573 |r 2025-11-17 |s 2025-10-27 |v 148000.00 |w 2025-04-02 |y BK | ||
| 952 | |0 0 |1 0 |2 ddc |4 0 |6 006_300000000000000_Q531 |7 0 |9 30503 |a 000001 |b 000001 |d 2025-04-02 |o 006.3 Q531 |p MD.23574 |r 2025-04-02 |v 148000.00 |w 2025-04-02 |y BK | ||
| 952 | |0 0 |1 0 |2 ddc |4 0 |6 006_300000000000000_Q531 |7 0 |9 30504 |a 000001 |b 000001 |d 2025-04-02 |o 006.3 Q531 |p MD.23575 |r 2025-04-02 |v 148000.00 |w 2025-04-02 |y BK | ||
| 952 | |0 0 |1 0 |2 ddc |4 0 |6 006_300000000000000_Q531 |7 0 |9 30505 |a 000001 |b 000001 |d 2025-04-02 |o 006.3 Q531 |p MD.23576 |r 2025-04-02 |v 148000.00 |w 2025-04-02 |y BK | ||
| 952 | |0 0 |1 0 |2 ddc |4 0 |6 006_300000000000000_Q531 |7 0 |9 30506 |a 000001 |b 000001 |d 2025-04-02 |o 006.3 Q531 |p MD.23577 |r 2025-04-02 |v 148000.00 |w 2025-04-02 |y BK | ||
| 952 | |0 0 |1 0 |2 ddc |4 0 |6 006_300000000000000_Q531 |7 0 |9 30507 |a 000001 |b 000001 |d 2025-04-02 |o 006.3 Q531 |p MD.23578 |r 2025-04-02 |v 148000.00 |w 2025-04-02 |y BK | ||
| 952 | |0 0 |1 0 |2 ddc |4 0 |6 006_300000000000000_Q531 |7 0 |9 30508 |a 000001 |b 000001 |d 2025-04-02 |o 006.3 Q531 |p MD.23579 |r 2025-04-02 |v 148000.00 |w 2025-04-02 |y BK | ||
| 980 | |a Thư viện Trường Đại học Nam Cần Thơ | ||


